[Event "Vergeze Gard-chA"]
[Site "Vergeze"]
[Date "2012.05.20"]
[Round "7"]
[White "Delaplace, Thomas"]
[Black "Bauer, Christian"]
[Result "0-1"]
[WhiteElo "1946"]
[BlackElo "2672"]
[PlyCount "40"]
[EventDate "2012.05.17"]
[EventType "tourn"]
[EventRounds "7"]
[EventCountry "FRA"]
[SourceTitle "EXT 2013"]
[Source "ChessBase"]
[SourceDate "2012.11.22"]
[SourceVersion "1"]
[SourceVersionDate "2012.11.22"]
[SourceQuality "1"]

1. e4 d6 2. d4 Nf6 3. Nc3 g6 4. Bg5 Nbd7 5. f4 h6 6. Bh4 c5 7. e5 Nh5 8. e6 fxe6 9. Qg4 Rg8 10. Qxe6 Rg7 11. 0-0-0 Nxf4 12. Qe3 cxd4 13. Rxd4 g5 14. Ne4 e5 15. g3 Ne6 16. Be2 Qb6 17. Nf3 exd4 18. Nfxg5 hxg5 19. Bh5+ Kd8 20. Nxg5 Nxg5 0-1

[Event "FICGS W-ch st1 g22 email"]
[Site "FICGS email"]
[Date "2012.02.12"]
[Round "1"]
[White "Delaplace, Thomas"]
[Black "Melquiades, Jay"]
[Result "1-0"]
[WhiteElo "2000"]
[BlackElo "822"]
[PlyCount "49"]
[EventDate "2012.??.??"]
[EventType "tourn (corr)"]
[EventRounds "8"]
[SourceTitle "Corr 2022"]
[Source "ChessBase"]
[SourceDate "2021.10.24"]
[SourceVersion "1"]
[SourceVersionDate "2021.10.24"]
[SourceQuality "1"]

1. e4 e5 2. Nf3 d6 3. d4 Bg4 4. dxe5 Nc6 5. exd6 Bxd6 6. Be3 h5 7. Bb5 Nf6 8. Nbd2 a6 9. Bxc6+ bxc6 10. h3 Be6 11. e5 Nd5 12. exd6 cxd6 13. c3 Nf6 14. Qa4 Bd7 15. 0-0-0 c5 16. Qh4 Qb6 17. Nc4 Qc6 18. Rhe1 0-0-0 19. Rxd6 Qb5 20. Rxf6 gxf6 21. Nd6+ Kc7 22. Nxb5+ axb5 23. Qxf6 Rhf8 24. Bxc5 Bc6 25. Re7+ 1-0

[Event "FICGS rapid A 000121 email"]
[Site "FICGS email"]
[Date "2012.02.11"]
[Round "1"]
[White "Delaplace, Thomas"]
[Black "James, Angus"]
[Result "0-1"]
[WhiteElo "2000"]
[BlackElo "1990"]
[PlyCount "26"]
[EventDate "2012.??.??"]
[EventType "tourn (rapid)"]
[EventRounds "6"]
[SourceTitle "Corr 2022"]
[Source "ChessBase"]
[SourceDate "2021.10.24"]
[SourceVersion "1"]
[SourceVersionDate "2021.10.24"]
[SourceQuality "1"]

1. e4 c5 2. Nf3 d6 3. d4 cxd4 4. Nxd4 Nf6 5. Nc3 a6 6. Be3 e5 7. Nb3 Be6 8. Qd2 Nbd7 9. Be2 b5 10. 0-0 Be7 11. Rad1 0-0 12. f4 Rc8 13. f5 Bc4 0-1